000 00309nam a22001337a 4500
008 181004b xxu||||| |||| 00| 0 eng d
020 _a9780070916524
041 _aeng
080 _211ed
_a330
100 _a60
101 _aKON
245 _aFundamnetals Accouting Principles
_cLarson.J
942 _2udc
_cBK
999 _c48857
_d48857